000 01778cam a22004454i 4500
003 PE-LiUPU
005 20250731173058.0
008 150623s1968 xxua r 000 0 eng d
035 _a(Sirsi) a24370
040 _aPE-LiUPU
_bspa
_cPE-LiUPU
_erda
082 0 4 _a286.732
_bA13
_221
245 0 4 _aThe autobiography of Elder Joseph Bates embracing a long life on shipboard /
_ceditado por Joseph Bates y la IASD.
264 1 _aBattle Creek, Michigan :
_bSteam Presss of The Seventh-Day Adventist Publishing Association,
_c1968.
300 _a306 páginas :
_bilustraciones gráf. ;
_c20 centímetros.
336 _atext
_2rdacontent
337 _aunmediated
_2rdamedia
338 _avolume
_2rdacarrier
490 0 _aHeritage Library
500 _aEdición facsimilar.
505 0 _aThe autobiography of Elder Joseph Bates embracing a long life on shipboard -- Travels in various parts of the world and a brief account of the great Advent Movement of 1840-1844.
526 _aSEG42
526 _aSEG41
526 _aSEG40
526 _aSEG39
526 _aP94
526 _aP87
526 _aP86
526 _aP85
526 _aP77
526 _aP76
526 _aP35
600 1 4 _aBates, Joseph,
_d1792-1872.
650 1 4 _aAdventistas del Séptimo Día
_vBiografías.
700 1 _aBates, Joseph, IASD,
_eeditor.
942 _2ddc
_cBOOK
949 _a286.732 A13
_wDEWEY
_c1
_i48668
_lCCODEBUL1
_mBUL
_p35.00
_r0
_sY
_tBOOK
_u2015-06-24
_xTEOLOGIA
_PP35
_0COMPRA
_o.STAFF. Colección Teología
596 _a1
999 _a286.732 A13
_wDEWEY
_c27841
_i48668
_d27841
_e2018-11-20
_f2021-11-11
_g5
_lCCODEBUL1
_mBUL
_n1
_p35.00
_r0
_sY
_tBOOK
_u2015-6-24
_xTEOLOGIA
_PP35
_0COMPRA
_o.STAFF. Colección Teología
980 _81
_gALBERTO SANCHEZ Responsable de Automatización